Responses for show #6433 - Wednesday, August 1, 2012

2012 Kids Week game 3.

Contestants

Partha Purushotham, an 11-year-old from Palo Alto, California

Julia Martinez, an 11-year-old from Fairfax, Virginia

Andrew Grace, a 12-year-old from Apex, North Carolina

Jeopardy! Round responses

"J" WALKING
ANIMATED CHARACTERS
BEATRIX POTTER TITLE ANIMALS
FACTS & NUMBERS
LANDMARKS
SUNDAY SCHOOL
    $200 11
juggling

Julia
    $200 16
Rapunzel

Julia
    $200 21
Rabbit

Julia
    $200 6
golf

Partha
    $200 1
the Wright Brothers

Andrew
    $200 26
shepherds

Andrew
    $400 12
a joint

Andrew
    $400 17
Sylvester & Tweety

Andrew
    $400 22
(Partha: [No response])

Squirrel

Partha
Triple Stumper
    $400 7
a year

Andrew
    $400 2
Paris

Julia
    $400 27
to give

Julia
    $600 13
a jury

Julia
    $600 18
Snowy

Andrew
    $600 23
(Partha: What is Rabbit?)

Bunny

Partha
Triple Stumper
    $600 8
skin

Julia
    $600 3
(Partha: What is an aqueduct?)

a bridge

Partha
Triple Stumper
    $600 28
David

Triple Stumper
    $800 14
journalism

Julia
    $800 19
Scrat

Triple Stumper
    $800 24
Duck

Triple Stumper
    $800 9
a tsunami

Andrew
    $800 4
New Orleans

Andrew
    $800 29
the Covenant

Julia
    $1000 15
a jumping jack

Julia
    $1000 20
Fort Awesome

Triple Stumper
    $1000 25
Mouse

Triple Stumper
    $1000 10
South America

Partha
    $800 5
(Andrew: I'll wager $1,600, please.)
(Alex: You can't wager $1,600 because you have just a thousand.)
(Andrew: Oh wait, yeah--uh, $800 please.)

the Great Sphinx

Andrew
    $1000 30
(Alex: And that famous ladder is [*]'s ladder.)

Jacob

Triple Stumper

Scores at the first commercial break (after clue 15):

Andrew Julia Partha
$3,400 $3,600 $600

Scores at the end of the Jeopardy! Round:

Andrew Julia Partha
$4,600 $5,200 -$400

Double Jeopardy! Round responses

MUSHROOMANIA
POP MUSIC
UP NORTH
CRAYOLA COLORS
POLITICIANS
IN THE DICTIONARY
    $400 11
chlorophyll

Julia
    $400 16
Weekend

Triple Stumper
    $400 26
(Alex: Less than a minute to go now.)

global warming

Partha
    $400 6
almond

Triple Stumper
    $400 1
Hillary Clinton

Andrew
    $400 21
butterflies

Partha
    $800 12
poisonous

Andrew
    $800 17
rain

Andrew
    $800 30
icebergs

Partha
    $800 7
sky blue

Julia
    $800 2
Romney

Partha
    $800 22
13

Julia
    $1200 13
potassium

Partha
    $1200 18
(Partha: Who is Justin Bieber?)

Greyson Chance

AndrewPartha
    $1200 29
blubber

Partha
    $1200 8
pink

Andrew
    $1200 3
(Partha: What is New York?)

Los Angeles

Partha
Triple Stumper
    $4,000 23
the inch

Julia
    $1600 14
spores

Partha
    $1600 19
Perry

Julia
    $5,000 28
the Inuit

Julia
    $1600 9
(Andrew: What is brown?)

sienna

Andrew
Triple Stumper
    $1600 4
the Capitol building

Triple Stumper
    $1600 24
ambidextrous

Partha
    $2000 15
a fairy ring

Julia
    $2000 20
Cody Simpson

Julia
    $2000 27
Greenland

Julia
    $2000 10
indigo

Julia
    $2000 5
Rick Perry

Partha
    $2000 25
chord

Partha

Scores at the end of the Double Jeopardy! Round:

Andrew Julia Partha
$7,400 $25,800 $9,200
(lock game)

[wagering suggestions for these scores]

Final Jeopardy! Round responses

BRITISH SCIENTISTS
AndrewWho is ?
$6,999
ParthaWho was Darwin?
$9,000
JuliaWho was Darwin?
$1,000
Charles Darwin

Final scores:

Andrew Julia Partha
$401 $26,800 $18,200
3rd place: $1,000 Winner: $26,800 2nd place: $2,000

Game dynamics:

Coryat scores:

Andrew Julia Partha
$7,600 $19,600 $9,200
14 R
(including 1 DD),
1 W
20 R
(including 2 DDs),
0 W
12 R,
5 W

Combined Coryat: $36,400

The J! Archive is created by fans, for fans. The Jeopardy! game show and all elements thereof, including but not limited to copyright and trademark thereto, are the property of Jeopardy Productions, Inc. and are protected under law. This website is not affiliated with, sponsored by, or operated by Jeopardy Productions, Inc. Join the discussion at JBoard.tv.